| 000 | 01095nam a2200301 i 4500 | ||
|---|---|---|---|
| 001 | 8782 | ||
| 003 | KOSZ 005 | ||
| 005 | 20240405062958.0 | ||
| 008 | 071103s1966 pl a g 000 0 pol | ||
| 015 | _aPB 1966/5563 | ||
| 040 |
_aWA N _cKOSZ 005/ID _dKOSZ 005/ID |
||
| 080 | _a371 | ||
| 100 | 1 |
_aDąbrowski, Zygmunt _d(1903-1979). _eAutor |
|
| 245 | 1 | 0 |
_aCzas wolny dzieci i młodzieży / _cZygmunt Dąbrowski. |
| 260 |
_aWarszawa : _bPaństwowe Zakłady Wydawnictw Szkolnych, _c1966. |
||
| 300 |
_a190, [2] s. : _bil. ; _c23 cm. |
||
| 380 | _aKsiążki. | ||
| 490 | 1 |
_aBiblioteka Nauczyciela. C, Treść i Metody Wychowania ; _v2. |
|
| 504 | _aBibliogr. s. 185-[191]. | ||
| 648 | 4 | _a1901-2000 | |
| 651 | _aPolska | ||
| 648 | 4 | _a1945-1989 | |
| 650 | 4 | _aWychowanie | |
| 710 | 2 |
_aPaństwowe Zakłady Wydawnictw Szkolnych _4pbl. |
|
| 830 | 0 |
_aBiblioteka Nauczyciela. _nC, _pTreść i Metody Wychowania ; _v2. |
|
| 856 |
_uhttp://koha.tu.koszalin.pl/cgi-bin/koha/opac-detail.pl?biblionumber=8782 _yKatalog online BPK |
||
| 942 |
_2UKD _cKS |
||
| 999 |
_c8782 _d8782 |
||